<?xml version="1.0" encoding="UTF-8"?>
<record
    xmlns:xsi="http://www.w3.org/2001/XMLSchema-instance"
    xsi:schemaLocation="http://www.loc.gov/MARC21/slim http://www.loc.gov/standards/marcxml/schema/MARC21slim.xsd"
    xmlns="http://www.loc.gov/MARC21/slim">

  <leader>02312namaa2200481 i 4500</leader>
  <controlfield tag="003">EG-GICUC</controlfield>
  <controlfield tag="005">20260506140600.0</controlfield>
  <controlfield tag="008">260506s2014    ua ao||jr|||| 000 0 ara d</controlfield>
  <datafield tag="017" ind1=" " ind2=" ">
    <subfield code="a">2014 / 11530</subfield>
    <subfield code="b">&#x62F;&#x627;&#x631; &#x627;&#x644;&#x643;&#x62A;&#x628; &#x648;&#x627;&#x644;&#x648;&#x62B;&#x627;&#x626;&#x642; &#x627;&#x644;&#x642;&#x648;&#x645;&#x64A;&#x629; (&#x645;&#x635;&#x631;)</subfield>
  </datafield>
  <datafield tag="017" ind1=" " ind2=" ">
    <subfield code="a">2014 / 11529</subfield>
    <subfield code="b">&#x62F;&#x627;&#x631; &#x627;&#x644;&#x643;&#x62A;&#x628; &#x648;&#x627;&#x644;&#x648;&#x62B;&#x627;&#x626;&#x642; &#x627;&#x644;&#x642;&#x648;&#x645;&#x64A;&#x629; (&#x645;&#x635;&#x631;)</subfield>
  </datafield>
  <datafield tag="017" ind1=" " ind2=" ">
    <subfield code="a">2014 / 11528</subfield>
    <subfield code="b">&#x62F;&#x627;&#x631; &#x627;&#x644;&#x643;&#x62A;&#x628; &#x648;&#x627;&#x644;&#x648;&#x62B;&#x627;&#x626;&#x642; &#x627;&#x644;&#x642;&#x648;&#x645;&#x64A;&#x629; (&#x645;&#x635;&#x631;)</subfield>
  </datafield>
  <datafield tag="017" ind1=" " ind2=" ">
    <subfield code="a">2014 / 11527</subfield>
    <subfield code="b">&#x62F;&#x627;&#x631; &#x627;&#x644;&#x643;&#x62A;&#x628; &#x648;&#x627;&#x644;&#x648;&#x62B;&#x627;&#x626;&#x642; &#x627;&#x644;&#x642;&#x648;&#x645;&#x64A;&#x629; (&#x645;&#x635;&#x631;)</subfield>
  </datafield>
  <datafield tag="017" ind1=" " ind2=" ">
    <subfield code="a">2014 / 11523</subfield>
    <subfield code="b">&#x62F;&#x627;&#x631; &#x627;&#x644;&#x643;&#x62A;&#x628; &#x648;&#x627;&#x644;&#x648;&#x62B;&#x627;&#x626;&#x642; &#x627;&#x644;&#x642;&#x648;&#x645;&#x64A;&#x629; (&#x645;&#x635;&#x631;)</subfield>
  </datafield>
  <datafield tag="017" ind1=" " ind2=" ">
    <subfield code="a">2014 / 11522</subfield>
    <subfield code="b">&#x62F;&#x627;&#x631; &#x627;&#x644;&#x643;&#x62A;&#x628; &#x648;&#x627;&#x644;&#x648;&#x62B;&#x627;&#x626;&#x642; &#x627;&#x644;&#x642;&#x648;&#x645;&#x64A;&#x629; (&#x645;&#x635;&#x631;)</subfield>
  </datafield>
  <datafield tag="017" ind1=" " ind2=" ">
    <subfield code="a">2014 / 11521</subfield>
    <subfield code="b">&#x62F;&#x627;&#x631; &#x627;&#x644;&#x643;&#x62A;&#x628; &#x648;&#x627;&#x644;&#x648;&#x62B;&#x627;&#x626;&#x642; &#x627;&#x644;&#x642;&#x648;&#x645;&#x64A;&#x629; (&#x645;&#x635;&#x631;)</subfield>
  </datafield>
  <datafield tag="017" ind1=" " ind2=" ">
    <subfield code="a">2014 / 11520</subfield>
    <subfield code="b">&#x62F;&#x627;&#x631; &#x627;&#x644;&#x643;&#x62A;&#x628; &#x648;&#x627;&#x644;&#x648;&#x62B;&#x627;&#x626;&#x642; &#x627;&#x644;&#x642;&#x648;&#x645;&#x64A;&#x629; (&#x645;&#x635;&#x631;)</subfield>
  </datafield>
  <datafield tag="040" ind1=" " ind2=" ">
    <subfield code="a">EG-GiCUC</subfield>
    <subfield code="b">ara</subfield>
    <subfield code="c">EG-GiCUC</subfield>
    <subfield code="d">EG-GiCUC</subfield>
    <subfield code="e">rda</subfield>
  </datafield>
  <datafield tag="082" ind1="0" ind2="4">
    <subfield code="2">21</subfield>
    <subfield code="a">217.6</subfield>
    <subfield code="b">K621</subfield>
  </datafield>
  <datafield tag="092" ind1="0" ind2="4">
    <subfield code="2">21</subfield>
    <subfield code="a">217.6</subfield>
    <subfield code="b">K621</subfield>
  </datafield>
  <datafield tag="099" ind1=" " ind2=" ">
    <subfield code="a">217.6 K621</subfield>
  </datafield>
  <datafield tag="100" ind1="1" ind2=" ">
    <subfield code="e">&#x645;&#x624;&#x644;&#x641;.</subfield>
  </datafield>
  <datafield tag="245" ind1="1" ind2="2">
    <subfield code="a">&#x627;&#x644;&#x643;&#x62A;&#x627;&#x628; &#x627;&#x644;&#x623;&#x633;&#x648;&#x62F; :</subfield>
    <subfield code="b">&#x623;&#x648;&#x644; &#x633;&#x644;&#x633;&#x644;&#x629; &#x648;&#x62B;&#x627;&#x626;&#x642;&#x64A;&#x629; &#x639;&#x646; &#x62C;&#x631;&#x627;&#x626;&#x645; &#x62D;&#x643;&#x645; &#x627;&#x644;&#x625;&#x62E;&#x648;&#x627;&#x646;/</subfield>
  </datafield>
  <datafield tag="264" ind1=" " ind2=" ">
    <subfield code="a">[&#x627;&#x644;&#x642;&#x627;&#x647;&#x631;&#x629; (&#x645;&#x635;&#x631;)] :</subfield>
    <subfield code="b">&#x627;&#x644;&#x627;&#x62D;&#x631;&#x627;&#x631; &#x644;&#x644;&#x635;&#x62D;&#x627;&#x641;&#x629; &#x648;&#x627;&#x644;&#x637;&#x628;&#x627;&#x639;&#x629; &#x648;&#x627;&#x644;&#x646;&#x634;&#x631;&#x60C;</subfield>
    <subfield code="c">[2014].</subfield>
  </datafield>
  <datafield tag="300" ind1=" " ind2=" ">
    <subfield code="a">&#x645;&#x62C;&#x644;&#x62F;&#x627;&#x62A; 8 :</subfield>
    <subfield code="b">&#x627;&#x64A;&#x636;&#x627;&#x62D;&#x64A;&#x627;&#x62A;&#x60C; &#x635;&#x648;&#x631; &#x61B;</subfield>
    <subfield code="c">24 &#x633;&#x645;</subfield>
  </datafield>
  <datafield tag="336" ind1=" " ind2=" ">
    <subfield code="2">rdacontent</subfield>
    <subfield code="a">text</subfield>
  </datafield>
  <datafield tag="337" ind1=" " ind2=" ">
    <subfield code="2">rdamedia</subfield>
    <subfield code="a">Unmediated</subfield>
  </datafield>
  <datafield tag="338" ind1=" " ind2=" ">
    <subfield code="2">rdacarrier</subfield>
    <subfield code="a">volume</subfield>
  </datafield>
  <datafield tag="504" ind1=" " ind2=" ">
    <subfield code="a">.</subfield>
  </datafield>
  <datafield tag="505" ind1=" " ind2=" ">
    <subfield code="a">&#x627;&#x644;&#x645;&#x62C;&#x644;&#x62F; &#x627;&#x644;&#x627;&#x648;&#x644;. &#x627;&#x644;&#x627;&#x643;&#x627;&#x630;&#x64A;&#x628; -- &#x627;&#x644;&#x645;&#x62C;&#x644;&#x62F; &#x627;&#x644;&#x62B;&#x627;&#x646;&#x649;. &#x627;&#x644;&#x627;&#x62E;&#x648;&#x646;&#x629;  -- &#x627;&#x644;&#x645;&#x62C;&#x644;&#x62F; &#x627;&#x644;&#x62B;&#x627;&#x644;&#x62B;. &#x627;&#x644;&#x62E;&#x637;&#x627;&#x64A;&#x627; -- &#x627;&#x644;&#x645;&#x62C;&#x644;&#x62F; &#x627;&#x644;&#x631;&#x627;&#x628;&#x639;. &#x627;&#x644;&#x642;&#x636;&#x627;&#x64A;&#x627; -- &#x627;&#x644;&#x645;&#x62C;&#x644;&#x62F; &#x627;&#x644;&#x62E;&#x627;&#x645;&#x633;. &#x627;&#x644;&#x627;&#x632;&#x647;&#x631; -- &#x627;&#x644;&#x645;&#x62C;&#x644;&#x62F; &#x627;&#x644;&#x633;&#x627;&#x62F;&#x633;. &#x627;&#x644;&#x627;&#x631;&#x647;&#x627;&#x628; -- &#x627;&#x644;&#x645;&#x62C;&#x644;&#x62F; &#x627;&#x644;&#x633;&#x627;&#x628;&#x639;. &#x633;&#x64A;&#x646;&#x627;&#x621; -- &#x627;&#x644;&#x645;&#x62C;&#x644;&#x62F; &#x627;&#x644;&#x62B;&#x627;&#x645;&#x646;. &#x631;&#x627;&#x628;&#x639;&#x629;</subfield>
  </datafield>
  <datafield tag="541" ind1=" " ind2=" ">
    <subfield code="a">&#x62F;. &#x62C;&#x627;&#x628;&#x631; &#x639;&#x635;&#x641;&#x648;&#x631; &#x61B;</subfield>
    <subfield code="b">&#x627;&#x644;&#x642;&#x627;&#x647;&#x631;&#x629; &#x61B;</subfield>
    <subfield code="c">&#x625;&#x647;&#x62F;&#x627;&#x621; &#x61B;</subfield>
    <subfield code="d">2024.</subfield>
  </datafield>
  <datafield tag="650" ind1="1" ind2="7">
    <subfield code="a">&#x627;&#x644;&#x627;&#x62E;&#x648;&#x627;&#x646; &#x627;&#x644;&#x645;&#x633;&#x644;&#x645;&#x648;&#x646;</subfield>
    <subfield code="2">qrmak</subfield>
  </datafield>
  <datafield tag="651" ind1="1" ind2=" ">
    <subfield code="2">qrmak</subfield>
  </datafield>
  <datafield tag="740" ind1=" " ind2=" ">
    <subfield code="a">&#x627;&#x644;&#x623;&#x643;&#x627;&#x630;&#x64A;&#x628;</subfield>
    <subfield code="n">1</subfield>
  </datafield>
  <datafield tag="740" ind1=" " ind2=" ">
    <subfield code="a">&#x627;&#x644;&#x623;&#x62E;&#x648;&#x646;&#x629; </subfield>
    <subfield code="n">2</subfield>
  </datafield>
  <datafield tag="740" ind1=" " ind2=" ">
    <subfield code="a">&#x627;&#x644;&#x62E;&#x637;&#x627;&#x64A;&#x627;</subfield>
    <subfield code="n">3</subfield>
  </datafield>
  <datafield tag="740" ind1=" " ind2=" ">
    <subfield code="a">&#x627;&#x644;&#x642;&#x636;&#x627;&#x621; </subfield>
    <subfield code="n">4</subfield>
  </datafield>
  <datafield tag="740" ind1=" " ind2=" ">
    <subfield code="a">&#x627;&#x644;&#x623;&#x632;&#x647;&#x631;</subfield>
    <subfield code="n">5</subfield>
  </datafield>
  <datafield tag="740" ind1=" " ind2=" ">
    <subfield code="a">&#x627;&#x644;&#x625;&#x631;&#x647;&#x627;&#x628;</subfield>
    <subfield code="n">6</subfield>
  </datafield>
  <datafield tag="740" ind1=" " ind2=" ">
    <subfield code="a">&#x633;&#x64A;&#x646;&#x627;&#x621;</subfield>
    <subfield code="n">7</subfield>
  </datafield>
  <datafield tag="740" ind1=" " ind2=" ">
    <subfield code="a">&#x631;&#x627;&#x628;&#x639;&#x629;</subfield>
    <subfield code="n">8</subfield>
  </datafield>
  <datafield tag="905" ind1=" " ind2=" ">
    <subfield code="a">Aya</subfield>
  </datafield>
  <datafield tag="942" ind1=" " ind2=" ">
    <subfield code="2">ddc</subfield>
    <subfield code="c">BK</subfield>
    <subfield code="e">21</subfield>
    <subfield code="n">0</subfield>
  </datafield>
  <datafield tag="999" ind1=" " ind2=" ">
    <subfield code="c">180031</subfield>
    <subfield code="d">180031</subfield>
  </datafield>
  <datafield tag="952" ind1=" " ind2=" ">
    <subfield code="0">0</subfield>
    <subfield code="1">0</subfield>
    <subfield code="2">ddc</subfield>
    <subfield code="4">0</subfield>
    <subfield code="7">1</subfield>
    <subfield code="a">CUCL</subfield>
    <subfield code="b">cl410</subfield>
    <subfield code="d">2026-05-06</subfield>
    <subfield code="i">175063</subfield>
    <subfield code="l">0</subfield>
    <subfield code="o">217.6 K621 v.1 J.U.</subfield>
    <subfield code="p">01000100175063001</subfield>
    <subfield code="r">2026-05-06 12:57:01</subfield>
    <subfield code="w">2026-05-06</subfield>
    <subfield code="y">BK</subfield>
  </datafield>
  <datafield tag="952" ind1=" " ind2=" ">
    <subfield code="0">0</subfield>
    <subfield code="1">0</subfield>
    <subfield code="2">ddc</subfield>
    <subfield code="4">0</subfield>
    <subfield code="7">1</subfield>
    <subfield code="a">CUCL</subfield>
    <subfield code="b">cl410</subfield>
    <subfield code="d">2026-05-06</subfield>
    <subfield code="i">175063</subfield>
    <subfield code="l">0</subfield>
    <subfield code="o">217.6 K621 v.2 J.U.</subfield>
    <subfield code="p">01000100175063002</subfield>
    <subfield code="r">2026-05-06 12:57:39</subfield>
    <subfield code="w">2026-05-06</subfield>
    <subfield code="y">BK</subfield>
  </datafield>
  <datafield tag="952" ind1=" " ind2=" ">
    <subfield code="0">0</subfield>
    <subfield code="1">0</subfield>
    <subfield code="2">ddc</subfield>
    <subfield code="4">0</subfield>
    <subfield code="7">1</subfield>
    <subfield code="a">CUCL</subfield>
    <subfield code="b">cl410</subfield>
    <subfield code="d">2026-05-06</subfield>
    <subfield code="i">175063</subfield>
    <subfield code="l">0</subfield>
    <subfield code="o">217.6 K621 v.3 J.U.</subfield>
    <subfield code="p">01000100175063003</subfield>
    <subfield code="r">2026-05-06 12:58:09</subfield>
    <subfield code="w">2026-05-06</subfield>
    <subfield code="y">BK</subfield>
  </datafield>
  <datafield tag="952" ind1=" " ind2=" ">
    <subfield code="0">0</subfield>
    <subfield code="1">0</subfield>
    <subfield code="2">ddc</subfield>
    <subfield code="4">0</subfield>
    <subfield code="7">1</subfield>
    <subfield code="a">CUCL</subfield>
    <subfield code="b">cl410</subfield>
    <subfield code="d">2026-05-06</subfield>
    <subfield code="i">175063</subfield>
    <subfield code="l">0</subfield>
    <subfield code="o">217.6 K621 v.4 J.U.</subfield>
    <subfield code="p">01000100175063004</subfield>
    <subfield code="r">2026-05-06 12:58:38</subfield>
    <subfield code="w">2026-05-06</subfield>
    <subfield code="y">BK</subfield>
  </datafield>
  <datafield tag="952" ind1=" " ind2=" ">
    <subfield code="0">0</subfield>
    <subfield code="1">0</subfield>
    <subfield code="2">ddc</subfield>
    <subfield code="4">0</subfield>
    <subfield code="7">1</subfield>
    <subfield code="a">CUCL</subfield>
    <subfield code="b">cl410</subfield>
    <subfield code="d">2026-05-06</subfield>
    <subfield code="i">175063</subfield>
    <subfield code="l">0</subfield>
    <subfield code="o">217.6 K621 v.5 J.U.</subfield>
    <subfield code="p">01000100175063005</subfield>
    <subfield code="r">2026-05-06 12:59:06</subfield>
    <subfield code="w">2026-05-06</subfield>
    <subfield code="y">BK</subfield>
  </datafield>
  <datafield tag="952" ind1=" " ind2=" ">
    <subfield code="0">0</subfield>
    <subfield code="1">0</subfield>
    <subfield code="2">ddc</subfield>
    <subfield code="4">0</subfield>
    <subfield code="7">1</subfield>
    <subfield code="a">CUCL</subfield>
    <subfield code="b">cl410</subfield>
    <subfield code="d">2026-05-06</subfield>
    <subfield code="i">175063</subfield>
    <subfield code="l">0</subfield>
    <subfield code="o">217.6 K621 v.6 J.U.</subfield>
    <subfield code="p">01000100175063006</subfield>
    <subfield code="r">2026-05-06 12:59:38</subfield>
    <subfield code="w">2026-05-06</subfield>
    <subfield code="y">BK</subfield>
  </datafield>
  <datafield tag="952" ind1=" " ind2=" ">
    <subfield code="0">0</subfield>
    <subfield code="1">0</subfield>
    <subfield code="2">ddc</subfield>
    <subfield code="4">0</subfield>
    <subfield code="7">1</subfield>
    <subfield code="a">CUCL</subfield>
    <subfield code="b">cl410</subfield>
    <subfield code="d">2026-05-06</subfield>
    <subfield code="i">175063</subfield>
    <subfield code="l">0</subfield>
    <subfield code="o">217.6 K621 v.7 J.U.</subfield>
    <subfield code="p">01000100175063007</subfield>
    <subfield code="r">2026-05-06 13:00:14</subfield>
    <subfield code="w">2026-05-06</subfield>
    <subfield code="y">BK</subfield>
  </datafield>
  <datafield tag="952" ind1=" " ind2=" ">
    <subfield code="0">0</subfield>
    <subfield code="1">0</subfield>
    <subfield code="2">ddc</subfield>
    <subfield code="4">0</subfield>
    <subfield code="7">1</subfield>
    <subfield code="a">CUCL</subfield>
    <subfield code="b">cl410</subfield>
    <subfield code="d">2026-05-06</subfield>
    <subfield code="i">175063</subfield>
    <subfield code="l">0</subfield>
    <subfield code="o">217.6 K621 v.8 J.U.</subfield>
    <subfield code="p">01000100175063008</subfield>
    <subfield code="r">2026-05-06 13:00:41</subfield>
    <subfield code="w">2026-05-06</subfield>
    <subfield code="y">BK</subfield>
  </datafield>
</record>
